Online katalóg knižníc regiónu Turca

Nototo a strašidelná škola Elvíry Múdrej (Record no. 21502)

MARC details
000 -LEADER
fixed length control field 02425cam a2200685 a 4500
001 - CONTROL NUMBER
control field 21502
003 - CONTROL NUMBER IDENTIFIER
control field VRT
005 - DATE AND TIME OF LATEST TRANSACTION
control field 20260302160637.0
008 - FIXED-LENGTH DATA ELEMENTS--GENERAL INFORMATION
fixed length control field 240318s2015 xo a b 000 f slo
015 ## - NATIONAL BIBLIOGRAPHY NUMBER
National bibliography number SNBA2015/08
020 ## - INTERNATIONAL STANDARD BOOK NUMBER
International Standard Book Number 9788055613499
Qualifying information (viaz.)
035 ## - SYSTEM CONTROL NUMBER
System control number AA748F73-73D6-43C5-B071-3A8788A4E644
035 ## - SYSTEM CONTROL NUMBER
System control number urn:nbn:sk:snk-amkwvh
035 ## - SYSTEM CONTROL NUMBER
System control number urn:nbn:sk:snk-am0082pa
039 #9 - LEVEL OF BIBLIOGRAPHIC CONTROL AND CODING DETAIL [OBSOLETE]
Level of rules in bibliographic description 202403181526
Level of effort used to assign nonsubject heading access points VLOAD
Level of effort used to assign subject headings 201606101402
Level of effort used to assign classification VLOAD
Level of effort used to assign subject headings 201604300446
Level of effort used to assign classification VLOAD
Level of effort used to assign subject headings 201604292231
Level of effort used to assign classification VLOAD
040 ## - CATALOGING SOURCE
Original cataloging agency POKPOH
Language of cataloging slo
Transcribing agency POKPOH
Modifying agency SNK
Description conventions AACR2
041 0# - LANGUAGE CODE
Language code of text/sound track or separate title slo
044 ## - COUNTRY OF PUBLISHING/PRODUCING ENTITY CODE
MARC country code xo
ISO country code SK
072 #7 - SUBJECT CATEGORY CODE
Subject category code 821.162.4-3
Subject category code subdivision Slovenská próza
Source konspekt
072 #7 - SUBJECT CATEGORY CODE
Subject category code 821-93
Subject category code subdivision Literatúra pre deti a mládež (beletria)
Source konspekt
080 ## - UNIVERSAL DECIMAL CLASSIFICATION NUMBER
Universal Decimal Classification number 398.41
Edition identifier 2001
080 ## - UNIVERSAL DECIMAL CLASSIFICATION NUMBER
Universal Decimal Classification number 821-93
Edition identifier 2001
080 ## - UNIVERSAL DECIMAL CLASSIFICATION NUMBER
Universal Decimal Classification number 821.162.4-34
Edition identifier 2001
100 1# - MAIN ENTRY--PERSONAL NAME
Personal name Futová, Gabriela,
Dates associated with a name 1971-
Relationship aut
245 10 - TITLE STATEMENT
Title Nototo a strašidelná škola Elvíry Múdrej
Statement of responsibility, etc. Gabriela Futová ; ilustrovala Marcela Kupčíková
250 ## - EDITION STATEMENT
Edition statement 1. vyd.
260 ## - PUBLICATION, DISTRIBUTION, ETC.
Place of publication, distribution, etc. Bratislava
Name of publisher, distributor, etc. Slovart
Date of publication, distribution, etc. 2015
300 ## - PHYSICAL DESCRIPTION
Extent 134 s.
Other physical details fareb. ilustr.
Dimensions 24 cm
521 1# - TARGET AUDIENCE NOTE
Target audience note Pre deti od 6 +
650 07 - SUBJECT ADDED ENTRY--TOPICAL TERM
Topical term or geographic name entry element trpaslíci a škriatkovia
Source of heading or term SNKPH
650 07 - SUBJECT ADDED ENTRY--TOPICAL TERM
Topical term or geographic name entry element Gnomes and goblins Elfs
Source of heading or term SNKPHeng
655 #7 - INDEX TERM--GENRE/FORM
Genre/form data or focus term slovenské rozprávky
Source of term SNKPH
655 #7 - INDEX TERM--GENRE/FORM
Genre/form data or focus term Slovak fairy tales
Source of term SNKPHeng
655 #7 - INDEX TERM--GENRE/FORM
Genre/form data or focus term Children's literature
Source of term SNKPHeng
655 #7 - INDEX TERM--GENRE/FORM
Genre/form data or focus term publikácie pre deti
Source of term SNKPH
700 1# - ADDED ENTRY--PERSONAL NAME
Personal name Kupčíková, Marcela,
Dates associated with a name 1979-
Relationship ill
711 2# - ADDED ENTRY--MEETING NAME
Meeting name or jurisdiction name as entry element Najkrajšie a najlepšie detské knihy jari, leta, jesene a zimy na Slovensku
Number of part/section/meeting (26 :
Date of meeting or treaty signing 2015 :
Location of meeting Bratislava, Slovensko).
Subordinate unit Najkrajšia detská kniha jari 2015
910 ## - USER-OPTION DATA (OCLC)
User-option data pokpoh
910 ## - USER-OPTION DATA (OCLC)
User-option data vthk
910 ## - USER-OPTION DATA (OCLC)
User-option data ttkjf
910 ## - USER-OPTION DATA (OCLC)
User-option data pppk
910 ## - USER-OPTION DATA (OCLC)
User-option data svkbb
910 ## - USER-OPTION DATA (OCLC)
User-option data sllk
910 ## - USER-OPTION DATA (OCLC)
User-option data skpk
910 ## - USER-OPTION DATA (OCLC)
User-option data snk
910 ## - USER-OPTION DATA (OCLC)
User-option data hevk
910 ## - USER-OPTION DATA (OCLC)
User-option data bjkdg
910 ## - USER-OPTION DATA (OCLC)
User-option data totk
910 ## - USER-OPTION DATA (OCLC)
User-option data bin
942 ## - ADDED ENTRY ELEMENTS (KOHA)
Source of classification or shelving scheme Dewey Decimal Classification
Koha item type Krásna literatúra pre deti
Suppress in OPAC No
949 ## - LOCAL PROCESSING INFORMATION (OCLC)
6 270001000505999
a svkbbB 53801
b svkbbm 755041
949 ## - LOCAL PROCESSING INFORMATION (OCLC)
6 17A1168336
a snkSC 165509
b snk2015/21766
o 1501/15
s 6100:20140925
949 ## - LOCAL PROCESSING INFORMATION (OCLC)
6 17A1168337
a snkSC 165509 D1
b snk2015/21767
o 1501/15
949 ## - LOCAL PROCESSING INFORMATION (OCLC)
6 2889304672
a savukPV 21120
b savuk2015/3165
949 ## - LOCAL PROCESSING INFORMATION (OCLC)
6 0174028976
a lesknPRINT
b lesknBD2015/22164
949 ## - LOCAL PROCESSING INFORMATION (OCLC)
6 3870A23982
a binIL 1275
b bin23982
949 ## - LOCAL PROCESSING INFORMATION (OCLC)
6 3870A23941
a binNDK 2015/03
b bin23941
949 ## - LOCAL PROCESSING INFORMATION (OCLC)
6 273K0588371
a svkpoB 97906
b svkpo599475

No items available.

Projekt je podporený Slovenskou asociáciou knižníc
Prevádzkuje Turčianska knižnica Martin 2026